| 000 | 00560nam a2200169 a 4500 | ||
|---|---|---|---|
| 005 | 20140414093846.0 | ||
| 008 | 100218s19uu xx uuu eng d | ||
| 050 |
_aDVD 030 _bPHI 2008 |
||
| 100 | _aPhilippine Daily Inquirer; Ateneo de Manila University | ||
| 245 |
_aNewspapers in DVD January - December 2008 : _bPhilippine Daily Inquirer / _cPhilippine Daily Inquirer; Ateneo de Manila University. |
||
| 250 | _a2008 | ||
| 260 |
_aManila : _bADMU, _cc2007. |
||
| 500 | _a25 cd's | ||
| 650 |
_aPeriodicals _xPhilippines. |
||
| 942 | _cAVM | ||
| 999 |
_c109633 _d109633 |
||